Gramática sucinta de la lengua alemana
Guardat en:
| Autors principals: | , |
|---|---|
| Format: | Llibre |
| Idioma: | espanyol |
| Publicat: |
Barcelona
Herder
1964
|
| Edició: | 19a. ed |
| Matèries: | |
| Etiquetes: |
Afegir etiqueta
Sense etiquetes, Sigues el primer a etiquetar aquest registre!
|
MARC
| LEADER | 00000nam a2200000 a 4500 | ||
|---|---|---|---|
| 001 | UCW1451 | ||
| 003 | CL-VaPUC | ||
| 008 | 920630e19640000SP |||||||||||||||||spa|d | ||
| 082 | 0 | 4 | |a 435 |b OTT |2 21 |
| 100 | |a Otto, Emilio |e autor |9 561476 | ||
| 700 | 0 | |a Ruppert, Enrique |e author |9 305416 | |
| 245 | 1 | 0 | |a Gramática sucinta de la lengua alemana |
| 250 | |a 19a. ed | ||
| 300 | |a 255 p | ||
| 942 | |c BK | ||
| 945 | |d 19920630 00:00:00 | ||
| 260 | |a Barcelona |b Herder |c 1964 | ||
| 650 | 0 | |a Alemán |x Gramática |9 270984 | |
| 583 | |a last modification |c 19920630 00:00:00 |k Rodrigo Vera | ||
| 999 | |c 216339 |d 216337 | ||